[Event "Avoine op 34th"]
[Site "Avoine"]
[Date "2019.07.25"]
[Round "6"]
[White "Vallet, Marc"]
[Black "Abergel, Thal"]
[Result "0-1"]
[WhiteElo "2181"]
[BlackElo "2450"]
[PlyCount "45"]
[EventDate "2019.07.20"]
[EventType "swiss"]
[EventRounds "9"]
[EventCountry "FRA"]
[SourceTitle "EXT 2020"]
[Source "ChessBase"]
[SourceDate "2019.10.17"]
[SourceVersion "1"]
[SourceVersionDate "2019.10.17"]
[SourceQuality "1"]

1. e4 c5 2. Nf3 d6 3. d4 cxd4 4. Nxd4 Nf6 5. Nc3 a6 6. Be2 e5 7. Nf3 h6 8. a4 Qc7 9. 0-0 Be7 10. Be3 Be6 11. Nd2 b6 12. Bf3 Nbd7 13. Nd5 Nxd5 14. exd5 Bf5 15. Be4 Bxe4 16. Nxe4 0-0 17. Bxh6 f5 18. Bg5 fxe4 19. Bxe7 Rf7 20. Bg5 Rc8 21. Ra3 Qxc2 22. Qh5 e3 23. Rxe3 0-1

[Event "Avoine op 33rd"]
[Site "Avoine"]
[Date "2018.07.24"]
[Round "4"]
[White "Naumkin, Igor"]
[Black "Vallet, Marc"]
[Result "1-0"]
[WhiteElo "2379"]
[BlackElo "2182"]
[PlyCount "71"]
[EventDate "2018.07.21"]
[EventType "swiss"]
[EventRounds "9"]
[EventCountry "FRA"]
[SourceTitle "CBM 185 Extra"]
[Source "ChessBase"]
[SourceDate "2018.07.29"]
[SourceVersion "1"]
[SourceVersionDate "2018.07.29"]
[SourceQuality "1"]

1. d4 Nf6 2. c4 e5 3. dxe5 Ng4 4. e4 h5 5. h3 Nxe5 6. Be3 Bb4+ 7. Nc3 Bxc3+ 8. bxc3 b6 9. Nf3 Qe7 10. Nd4 g6 11. Be2 Bb7 12. 0-0 d6 13. Qd2 Nbc6 14. f4 Nd7 15. Bf3 Na5 16. Nb3 Nc6 17. a4 Nc5 18. Nxc5 dxc5 19. a5 Nxa5 20. Rxa5 bxa5 21. Qf2 0-0 22. Bxc5 Qe6 23. f5 Qxc4 24. Be2 Qxc3 25. fxg6 f6 26. Bd4 Qb4 27. Qe3 Rad8 28. Bxf6 Rxf6 29. Rxf6 Qxe4 30. Qf2 h4 31. Rd6 Rf8 32. Rd8 Qxg2+ 33. Qxg2 Bxg2 34. Rd7 Rf4 35. Kxg2 a4 36. Rxc7 1-0

[Event "Avoine op 32nd"]
[Site "Avoine"]
[Date "2017.07.22"]
[Round "4"]
[White "Lejarre, Ludovic"]
[Black "Vallet, Marc"]
[Result "1-0"]
[WhiteElo "2335"]
[BlackElo "2190"]
[PlyCount "85"]
[EventDate "2017.07.22"]
[EventType "swiss"]
[EventRounds "9"]
[EventCountry "FRA"]
[SourceTitle "CBM 179 Extra"]
[Source "ChessBase"]
[SourceDate "2017.08.23"]
[SourceVersion "1"]
[SourceVersionDate "2017.08.23"]
[SourceQuality "1"]

1. e4 d6 2. d4 g6 3. Nc3 Bg7 4. Nge2 Nd7 5. g3 e5 6. Bg2 Ne7 7. 0-0 0-0 8. h3 Rb8 9. a4 a5 10. f4 f5 11. fxe5 dxe5 12. dxe5 fxe4 13. Nxe4 Nxe5 14. Qxd8 Rxd8 15. Bg5 N5c6 16. c3 h6 17. Bf6 Bf5 18. Bxg7 Kxg7 19. Nf4 Nd5 20. Nc5 Nxf4 21. Rxf4 Ne5 22. Re1 Re8 23. Ref1 Re7 24. g4 Bc2 25. Nxb7 Nd3 26. Re4 Rd7 27. Nxa5 Nxb2 28. Rd4 Rxd4 29. cxd4 Bxa4 30. Nb7 Nd1 31. Nc5 Nc3 32. Ne6+ Kh8 33. d5 Bb3 34. Nxc7 Rd8 35. Rf3 Nxd5 36. Nxd5 Bxd5 37. Rd3 Rf8 38. Rxd5 Rf6 39. Rd8+ Kg7 40. Rd7+ Kh8 41. Kh2 Kg8 42. Rc7 Kh8 43. Rc6 1-0

[Event "Avoine op 32nd"]
[Site "Avoine"]
[Date "2017.07.22"]
[Round "3"]
[White "Vallet, Marc"]
[Black "Boulnois, Boris"]
[Result "1-0"]
[WhiteElo "2190"]
[BlackElo "1840"]
[PlyCount "31"]
[EventDate "2017.07.22"]
[EventType "swiss"]
[EventRounds "9"]
[EventCountry "FRA"]
[SourceTitle "CBM 179 Extra"]
[Source "ChessBase"]
[SourceDate "2017.08.23"]
[SourceVersion "1"]
[SourceVersionDate "2017.08.23"]
[SourceQuality "1"]

1. d4 Nf6 2. Nf3 d5 3. c4 e6 4. Nc3 c5 5. cxd5 Nxd5 6. e4 Nxc3 7. bxc3 cxd4 8. cxd4 Bd6 9. Bd3 0-0 10. e5 Bb4+ 11. Kf1 Bd7 12. Bxh7+ Kh8 13. Bd3 Be7 14. h4 f6 15. exf6 Bxf6 16. Ne5 1-0

[Event "Cappelle op 30th"]
[Site "Cappelle la Grande"]
[Date "2014.03.03"]
[Round "3"]
[White "Kristiansen, Jens"]
[Black "Vallet, Marc"]
[Result "1-0"]
[WhiteElo "2419"]
[BlackElo "2175"]
[PlyCount "65"]
[EventDate "2014.03.01"]
[EventType "swiss"]
[EventRounds "9"]
[EventCountry "FRA"]
[SourceTitle "CBM 159 Extra"]
[Source "ChessBase"]
[SourceDate "2014.04.24"]
[SourceVersion "1"]
[SourceVersionDate "2014.04.24"]
[SourceQuality "1"]

1. d4 Nf6 2. c4 e5 3. dxe5 Ng4 4. Nf3 Nc6 5. Nc3 Bc5 6. e3 Ngxe5 7. Nxe5 Nxe5 8. f4 Nc6 9. Bd3 d6 10. 0-0 Bd7 11. Kh1 Qh4 12. a3 f5 13. Nd5 Bb6 14. Qc2 0-0 15. b4 Be6 16. Nxb6 axb6 17. Bb2 Rf7 18. Rf3 Qe7 19. b5 Na5 20. Rg3 Kf8 21. Re1 Re8 22. e4 fxe4 23. Rxe4 Qd8 24. Qc3 d5 25. Rxg7 dxe4 26. Rxf7+ Bxf7 27. Qg7+ Ke7 28. Bf6+ Ke6 29. Bxd8 exd3 30. Qd4 Rxd8 31. Qxd8 Bg6 32. Qd5+ Kf6 33. Qe5+ 1-0

[Event "Cappelle op 30th"]
[Site "Cappelle la Grande"]
[Date "2014.03.01"]
[Round "1"]
[White "Mateo, Ramon"]
[Black "Vallet, Marc"]
[Result "1-0"]
[WhiteElo "2413"]
[BlackElo "2175"]
[PlyCount "77"]
[EventDate "2014.03.01"]
[EventType "swiss"]
[EventRounds "9"]
[EventCountry "FRA"]
[SourceTitle "CBM 159 Extra"]
[Source "ChessBase"]
[SourceDate "2014.04.24"]
[SourceVersion "1"]
[SourceVersionDate "2014.04.24"]
[SourceQuality "1"]

1. c4 e5 2. Nc3 Nc6 3. g3 g6 4. Bg2 Bg7 5. e3 d6 6. Nge2 h5 7. h3 Nge7 8. d4 exd4 9. exd4 Nf5 10. d5 Ne5 11. Ne4 Qe7 12. 0-0 0-0 13. Qb3 Nd7 14. Bg5 Qe5 15. N2c3 Nd4 16. Qd1 f5 17. Bf4 Qe7 18. Ng5 Ne5 19. Qxd4 Nf3+ 20. Nxf3 Bxd4 21. Nxd4 g5 22. Bd2 f4 23. Rfe1 Qg7 24. Ne6 Bxe6 25. dxe6 c6 26. Ne4 fxg3 27. fxg3 Qd4+ 28. Kh1 Rae8 29. Bc3 Qxc4 30. Nxd6 Qd3 31. Nxe8 Rxe8 32. Bf6 Qf5 33. Rf1 Qxe6 34. Bxg5 Qe5 35. Bf6 Qxg3 36. Rg1 Qe3 37. Bc3 Rf8 38. Rae1 Qf4 39. Be4+ 1-0

[Event "FRA-ch Accession"]
[Site "Pau"]
[Date "2008.08.19"]
[Round "7"]
[White "Riff, Vincent"]
[Black "Vallet, Marc"]
[Result "1/2-1/2"]
[WhiteElo "2290"]
[BlackElo "2200"]
[PlyCount "27"]
[EventDate "2008.08.11"]
[EventType "swiss"]
[EventRounds "9"]
[EventCountry "FRA"]
[SourceTitle "CBM 126 Extra"]
[Source "ChessBase"]
[SourceDate "2008.11.05"]
[SourceVersion "1"]
[SourceVersionDate "2008.11.05"]
[SourceQuality "1"]

1. e4 c5 2. Nf3 Nc6 3. Nc3 e5 4. Bc4 Be7 5. d3 d6 6. Nd2 Bg5 7. h4 Bxd2+ 8. Bxd2 h6 9. Qh5 g6 10. Qf3 Qd7 11. Nd5 Nd4 12. Nf6+ Nxf6 13. Qxf6 Rh7 14. 0-0-0 1/2-1/2

[Event "FRA-ch Accession"]
[Site "Pau"]
[Date "2008.08.17"]
[Round "6"]
[White "Vallet, Marc"]
[Black "Payen, Arnaud"]
[Result "0-1"]
[WhiteElo "2200"]
[BlackElo "2372"]
[PlyCount "122"]
[EventDate "2008.08.11"]
[EventType "swiss"]
[EventRounds "9"]
[EventCountry "FRA"]
[SourceTitle "CBM 126 Extra"]
[Source "ChessBase"]
[SourceDate "2008.11.05"]
[SourceVersion "1"]
[SourceVersionDate "2008.11.05"]
[SourceQuality "1"]

1. d4 g6 2. e4 Bg7 3. Nf3 c5 4. c3 Qa5 5. dxc5 Qxc5 6. Be3 Qa5 7. Nbd2 Nc6 8. h3 d6 9. Be2 Nf6 10. 0-0 0-0 11. Nd4 Bd7 12. f4 Rfc8 13. N4b3 Qc7 14. Qe1 Rab8 15. a4 b6 16. Qh4 Be6 17. f5 Bxb3 18. Nxb3 Ne5 19. Nd4 Qb7 20. Bg5 Nxe4 21. Bxe7 f6 22. Ba6 Qxa6 23. Qxe4 Qb7 24. Qxb7 Rxb7 25. Bxd6 Nc4 26. Ba3 Rd7 27. Rfe1 Kf7 28. Re6 Bh6 29. Kf2 Bf4 30. g4 g5 31. Ke2 h5 32. gxh5 Rh8 33. Kd3 Nxa3 34. Rxa3 Rxh5 35. Kc4 Rxh3 36. Re4 Rh2 37. Rb3 Rc7+ 38. Kb5 Rc5+ 39. Ka6 Ra5+ 40. Kb7 Rxa4 41. Rb5 Rh8 42. b4 Rb8+ 43. Kc6 Ra3 44. Ne2 Be5 45. Rd5 Rc8+ 46. Kd7 Rc7+ 47. Kd8 Re7 48. Rd7 Rxd7+ 49. Kxd7 Ra2 50. b5 Rd2+ 51. Kc6 g4 52. Nf4 g3 53. Ne6 Rd6+ 54. Kb7 Rxe6 55. fxe6+ Kxe6 56. Kxa7 f5 57. Re1 f4 58. Kxb6 f3 59. Rf1 g2 60. Rxf3 g1Q+ 61. Ka6 Bc7 0-1

[Event "Le Touquet op"]
[Site "Le Touquet"]
[Date "2006.11.03"]
[Round "9"]
[White "Vallet, Marc"]
[Black "Giffard, Nicolas"]
[Result "1/2-1/2"]
[WhiteElo "2177"]
[BlackElo "2372"]
[PlyCount "64"]
[EventDate "2006.10.28"]
[EventType "swiss"]
[EventRounds "9"]
[EventCountry "FRA"]
[SourceTitle "EXT 2007"]
[Source "ChessBase"]
[SourceDate "2006.11.23"]
[SourceVersion "1"]
[SourceVersionDate "2006.11.23"]
[SourceQuality "1"]

1. e4 c6 2. d4 d5 3. e5 Bf5 4. Nc3 h5 5. Bd3 Qd7 6. Nf3 Bxd3 7. Qxd3 Na6 8. Be3 Nh6 9. a3 Nc7 10. Ne2 g6 11. 0-0 Nf5 12. b3 Ne6 13. Rfd1 Nxe3 14. Qxe3 Bh6 15. Qd3 0-0 16. Nh4 Kh7 17. g3 Rfd8 18. f4 Ng7 19. Kg2 b6 20. Rf1 Nf5 21. Nf3 c5 22. h3 c4 23. Qd2 cxb3 24. cxb3 Rac8 25. g4 hxg4 26. hxg4 Rc2 27. Qd3 Ne3+ 28. Qxe3 Qxg4+ 29. Kh1 Qh3+ 30. Kg1 Qg4+ 31. Kh1 Qh3+ 32. Kg1 Qg4+ 1/2-1/2

[Event "Le Touquet op"]
[Site "Le Touquet"]
[Date "2006.10.31"]
[Round "5"]
[White "Moga, Christoph"]
[Black "Vallet, Marc"]
[Result "0-1"]
[WhiteElo "1959"]
[BlackElo "2177"]
[PlyCount "58"]
[EventDate "2006.10.28"]
[EventType "swiss"]
[EventRounds "9"]
[EventCountry "FRA"]
[SourceTitle "EXT 2007"]
[Source "ChessBase"]
[SourceDate "2006.11.23"]
[SourceVersion "1"]
[SourceVersionDate "2006.11.23"]
[SourceQuality "1"]

1. e4 c5 2. Nf3 Nc6 3. d4 cxd4 4. Nxd4 Nf6 5. Nc3 e5 6. Ndb5 d6 7. Bg5 a6 8. Na3 b5 9. Bxf6 gxf6 10. Nd5 Bg7 11. c3 f5 12. exf5 Bxf5 13. Nc2 0-0 14. Nce3 Be6 15. Bd3 f5 16. 0-0 Ra7 17. f4 e4 18. Bc2 b4 19. Ba4 Ne7 20. Nxb4 Qb6 21. Re1 d5 22. Bb3 a5 23. Nbxd5 Bxd5 24. Bxd5+ Kh8 25. Rb1 Rd8 26. c4 Bd4 27. Qd2 Rxd5 28. cxd5 Nxd5 29. Kf2 Rd7 0-1

[Event "Le Touquet op"]
[Site "Le Touquet"]
[Date "2006.10.30"]
[Round "3"]
[White "Claverie, Christophe"]
[Black "Vallet, Marc"]
[Result "1/2-1/2"]
[WhiteElo "2314"]
[BlackElo "2177"]
[PlyCount "47"]
[EventDate "2006.10.28"]
[EventType "swiss"]
[EventRounds "9"]
[EventCountry "FRA"]
[SourceTitle "EXT 2007"]
[Source "ChessBase"]
[SourceDate "2006.11.23"]
[SourceVersion "1"]
[SourceVersionDate "2006.11.23"]
[SourceQuality "1"]

1. d4 Nf6 2. Bg5 d5 3. Bxf6 exf6 4. e3 Bd6 5. c4 dxc4 6. Bxc4 f5 7. Nc3 0-0 8. Qc2 Nd7 9. Nf3 c6 10. h3 Nf6 11. g4 fxg4 12. hxg4 Bxg4 13. Ne5 Bh5 14. f4 g6 15. Qg2 Kg7 16. Qg5 c5 17. dxc5 Bxc5 18. Bxf7 Rxf7 19. Nxf7 Qb6 20. Nh6 Qxb2 21. Nf5+ Kf7 22. Nh6+ Kg7 23. Nf5+ Kf7 24. Nh6+ 1/2-1/2

[Event "Le Touquet op"]
[Site "Le Touquet"]
[Date "2006.10.29"]
[Round "2"]
[White "Vallet, Marc"]
[Black "Fache, Jean Louis"]
[Result "1-0"]
[WhiteElo "2177"]
[BlackElo "1948"]
[PlyCount "63"]
[EventDate "2006.10.28"]
[EventType "swiss"]
[EventRounds "9"]
[EventCountry "FRA"]
[SourceTitle "EXT 2007"]
[Source "ChessBase"]
[SourceDate "2006.11.23"]
[SourceVersion "1"]
[SourceVersionDate "2006.11.23"]
[SourceQuality "1"]

1. e4 c5 2. Nf3 d6 3. d4 cxd4 4. Nxd4 Nf6 5. Nc3 a6 6. Bc4 e6 7. Bb3 b5 8. 0-0 Bb7 9. f4 Nbd7 10. Qe2 Nc5 11. Be3 Nxb3 12. axb3 Nxe4 13. f5 Nxc3 14. bxc3 e5 15. Ne6 Qd7 16. Nxf8 Rxf8 17. c4 bxc4 18. bxc4 Rc8 19. Rab1 Rh8 20. f6 gxf6 21. Rxf6 Rg8 22. Rf2 Be4 23. Rd1 Qc6 24. c5 d5 25. c4 d4 26. Bxd4 exd4 27. Re1 d3 28. Qf3 Rg7 29. Rxe4+ Kf8 30. Qxd3 Qxc5 31. Qd7 Qc7 32. Re8+ 1-0

[Event "Moscow Aeroflot op-C"]
[Site "Moscow"]
[Date "2006.02.15"]
[Round "9"]
[White "Vallet, Marc"]
[Black "Voicu Jagodzinsky, Carmen"]
[Result "0-1"]
[WhiteElo "2193"]
[BlackElo "2265"]
[PlyCount "38"]
[EventDate "2006.02.07"]
[EventType "swiss"]
[EventRounds "9"]
[EventCountry "RUS"]
[SourceTitle "EXT 2007"]
[Source "ChessBase"]
[SourceDate "2006.11.23"]
[SourceVersion "1"]
[SourceVersionDate "2006.11.23"]
[SourceQuality "1"]

1. e4 c5 2. Nf3 e6 3. d4 cxd4 4. Nxd4 Nf6 5. Nc3 d6 6. g4 h6 7. Rg1 Be7 8. h4 d5 9. Bb5+ Kf8 10. exd5 Nxd5 11. Nxd5 Qxd5 12. Be3 e5 13. c4 Qe4 14. Nc2 Be6 15. c5 Nc6 16. Qe2 Nb4 17. Nxb4 Qxb4+ 18. Kf1 a6 19. Bd3 e4 0-1

[Event "Moscow Aeroflot op-C"]
[Site "Moscow"]
[Date "2006.02.12"]
[Round "6"]
[White "Galojan, Lilit"]
[Black "Vallet, Marc"]
[Result "0-1"]
[WhiteElo "2251"]
[BlackElo "2193"]
[PlyCount "67"]
[EventDate "2006.02.07"]
[EventType "swiss"]
[EventRounds "9"]
[EventCountry "RUS"]
[SourceTitle "EXT 2007"]
[Source "ChessBase"]
[SourceDate "2006.11.23"]
[SourceVersion "1"]
[SourceVersionDate "2006.11.23"]
[SourceQuality "1"]

1. d4 Nf6 2. c4 e6 3. Nf3 b6 4. g3 Ba6 5. b3 Bb4+ 6. Bd2 Be7 7. Nc3 d5 8. cxd5 exd5 9. Bg2 Bb7 10. 0-0 0-0 11. Ne5 Na6 12. Bc1 c6 13. Bb2 Nc7 14. Rc1 Ne6 15. Qd3 Rc8 16. Rfd1 Bd6 17. e3 Qe7 18. f4 Rfd8 19. Rc2 c5 20. Kh1 cxd4 21. exd4 Ne4 22. Nxd5 Bxd5 23. Bxe4 Qb7 24. Bxd5 Qxd5+ 25. Rg2 Bxe5 26. fxe5 Rc7 27. Ba3 Rdc8 28. Kg1 Ng5 29. h4 Nf3+ 30. Kf1 Rc3 31. Qe2 Nxd4 32. Qg4 Rc2 33. Rdd2 h5 34. Qxd4 0-1

[Event "Moscow Aeroflot op-C"]
[Site "Moscow"]
[Date "2006.02.10"]
[Round "4"]
[White "Mamedjarova, Turkan"]
[Black "Vallet, Marc"]
[Result "0-1"]
[WhiteElo "2280"]
[BlackElo "2193"]
[PlyCount "72"]
[EventDate "2006.02.07"]
[EventType "swiss"]
[EventRounds "9"]
[EventCountry "RUS"]
[SourceTitle "EXT 2007"]
[Source "ChessBase"]
[SourceDate "2006.11.23"]
[SourceVersion "1"]
[SourceVersionDate "2006.11.23"]
[SourceQuality "1"]

1. d4 Nf6 2. c4 e5 3. dxe5 Ne4 4. Nf3 Nc6 5. e3 Bb4+ 6. Bd2 Nxd2 7. Nbxd2 Qe7 8. Bd3 Nxe5 9. Nxe5 Qxe5 10. Qc2 Bxd2+ 11. Qxd2 a5 12. f4 Qe7 13. 0-0 d6 14. Rae1 0-0 15. Qc2 Qh4 16. g3 Qh5 17. f5 Bd7 18. Rf4 Bc6 19. f6 g6 20. Qf2 Rfe8 21. g4 Qh6 22. h4 Re5 23. Qh2 Rae8 24. g5 Qf8 25. Qg3 Be4 26. Bxe4 Rxe4 27. h5 gxh5 28. Qh4 Rxe3 29. Ref1 R8e5 30. R1f2 Qc8 31. Kh1 Kh8 32. Rg2 Qg8 33. Qxh5 Qg6 34. Qg4 Re6 35. Rgf2 R6e5 36. Rg2 h6 0-1

[Event "FRA-chT2D 0506"]
[Site "France"]
[Date "2006.02.05"]
[Round "7.2"]
[White "Brochet, Philippe"]
[Black "Vallet, Marc"]
[Result "1-0"]
[WhiteElo "2365"]
[BlackElo "2214"]
[PlyCount "79"]
[EventDate "2005.10.27"]
[EventType "team-tourn"]
[EventRounds "11"]
[EventCountry "FRA"]
[SourceTitle "EXT 2006"]
[Source "ChessBase"]
[SourceDate "2005.11.24"]
[SourceVersion "1"]
[SourceVersionDate "2005.11.24"]
[SourceQuality "1"]
[WhiteTeam "Evry II"]
[BlackTeam "Lille"]
[WhiteTeamCountry "FRA"]
[BlackTeamCountry "FRA"]

1. e4 c5 2. g3 d5 3. exd5 Qxd5 4. Nf3 Bg4 5. Bg2 Nc6 6. 0-0 Nf6 7. h3 Bh5 8. d3 e6 9. g4 Bg6 10. Na3 Qd7 11. Nc4 Qc7 12. Re1 Rd8 13. Nfe5 Nxe5 14. Nxe5 Bd6 15. Bf4 Nd7 16. Nxg6 hxg6 17. Bg5 Rc8 18. d4 0-0 19. d5 e5 20. c4 Rce8 21. Bd2 f5 22. g5 e4 23. f3 Bg3 24. Re2 f4 25. d6 Qxd6 26. Bc3 Qxd1+ 27. Rxd1 Nb6 28. Rxe4 Rxe4 29. fxe4 f3 30. Bf1 Na4 31. Rd5 Nxc3 32. bxc3 b6 33. Bd3 Be1 34. e5 Bxc3 35. Bxg6 Bd4+ 36. Rxd4 cxd4 37. e6 d3 38. e7 d2 39. exf8Q+ Kxf8 40. Bc2 1-0

[Event "FRA-chT2D 0506"]
[Site "France"]
[Date "2005.11.20"]
[Round "3.3"]
[White "Vallet, Marc"]
[Black "Syska, Albert"]
[Result "1/2-1/2"]
[WhiteElo "2202"]
[BlackElo "2230"]
[PlyCount "101"]
[EventDate "2005.10.27"]
[EventType "team-tourn"]
[EventRounds "11"]
[EventCountry "FRA"]
[SourceTitle "EXT 2006"]
[Source "ChessBase"]
[SourceDate "2005.11.24"]
[SourceVersion "1"]
[SourceVersionDate "2005.11.24"]
[SourceQuality "1"]
[WhiteTeam "Lille"]
[BlackTeam "Gambsheim"]
[WhiteTeamCountry "FRA"]
[BlackTeamCountry "FRA"]

1. e4 c5 2. Nf3 d6 3. d4 cxd4 4. Nxd4 Nf6 5. Nc3 Nc6 6. Bg5 e6 7. Bb5 Bd7 8. Bxc6 bxc6 9. e5 dxe5 10. Nb3 h6 11. Bh4 Qb6 12. Qe2 Bd6 13. Bxf6 gxf6 14. 0-0-0 Be7 15. Ne4 0-0-0 16. Nd6+ Bxd6 17. Rxd6 Kb8 18. Qf3 f5 19. Qc3 Bc8 20. Qxe5 Qc7 21. Rhd1 Rxd6 22. Qxd6 Qxd6 23. Rxd6 Kc7 24. Rd4 Rg8 25. g3 Rg4 26. Rxg4 fxg4 27. Kd2 e5 28. Nc5 f5 29. c4 Kd6 30. Nd3 c5 31. Kc3 a5 32. b3 Bb7 33. a3 Be4 34. Nb2 f4 35. b4 axb4+ 36. axb4 cxb4+ 37. Kxb4 Bc6 38. gxf4 exf4 39. Nd3 f3 40. Kc3 Ke6 41. Kd4 Kf5 42. Nb4 Bb7 43. c5 h5 44. c6 Bc8 45. Nd5 Be6 46. c7 h4 47. Ke3 g3 48. fxg3 Kg4 49. Kf2 Kh3 50. Nf4+ Kxh2 51. gxh4 1/2-1/2

[Event "FRA-chT Poule Basse"]
[Site "Belfort"]
[Date "2004.05.10"]
[Round "10"]
[White "Vallet, Marc"]
[Black "Roos, Louis"]
[Result "0-1"]
[WhiteElo "2226"]
[BlackElo "2369"]
[PlyCount "40"]
[EventDate "2004.05.08"]
[EventType "team-tourn"]
[EventRounds "4"]
[EventCountry "FRA"]
[SourceTitle "EXT 2005"]
[Source "ChessBase"]
[SourceDate "2004.11.15"]
[SourceVersion "1"]
[SourceVersionDate "2004.11.15"]
[SourceQuality "1"]
[WhiteTeam "Lille"]
[BlackTeam "Orange"]
[WhiteTeamCountry "FRA"]
[BlackTeamCountry "FRA"]

1. e4 e6 2. d3 c5 3. Nf3 Nc6 4. g3 g6 5. Bg2 Bg7 6. 0-0 Nge7 7. Re1 d6 8. c3 e5 9. a4 0-0 10. Bg5 h6 11. Be3 f5 12. Qc1 f4 13. gxf4 exf4 14. Bxf4 Bg4 15. Qe3 g5 16. Nxg5 Ng6 17. Nh3 Bxh3 18. Bxh6 Bxh6 19. Qxh3 Qf6 20. Na3 Nf4 0-1

[Event "FRA-chT Gp-B"]
[Site "France"]
[Date "2004.04.01"]
[Round "4"]
[White "Flear, Glenn C"]
[Black "Vallet, Marc"]
[Result "1-0"]
[WhiteElo "2489"]
[BlackElo "2226"]
[PlyCount "67"]
[EventDate "2004.01.30"]
[EventType "team"]
[EventRounds "7"]
[EventCountry "FRA"]
[SourceTitle "EXT 2005"]
[Source "ChessBase"]
[SourceDate "2004.11.15"]
[SourceVersion "1"]
[SourceVersionDate "2004.11.15"]
[SourceQuality "1"]
[WhiteTeam "Montpellier"]
[BlackTeam "Lille"]
[WhiteTeamCountry "FRA"]
[BlackTeamCountry "FRA"]

1. d4 Nf6 2. c4 g6 3. Nc3 Bg7 4. e4 d6 5. f4 0-0 6. Nf3 c5 7. dxc5 Qa5 8. Bd3 Qxc5 9. Qe2 Nc6 10. Be3 Qa5 11. 0-0 Bg4 12. Rac1 Nd7 13. Qf2 Bxf3 14. gxf3 Nc5 15. Bb1 Na4 16. Nxa4 Qxa4 17. Rfd1 Rfd8 18. Kh1 Rac8 19. h4 Qa5 20. Rd5 Qa6 21. Rg5 e6 22. h5 Ne7 23. Rgg1 b6 24. f5 exf5 25. exf5 Rc5 26. Bxc5 dxc5 27. Qh4 Qb7 28. Be4 Qd7 29. hxg6 hxg6 30. fxg6 f5 31. Rcd1 Qxd1 32. Qxe7 fxe4 33. Rxd1 Rxd1+ 34. Kh2 1-0

[Event "FRA-ch Accession"]
[Site "Aix les Bains"]
[Date "2003.08.24"]
[Round "5"]
[White "Vallet, Marc"]
[Black "Mevel, Alberic"]
[Result "1/2-1/2"]
[WhiteElo "2208"]
[BlackElo "2265"]
[PlyCount "49"]
[EventDate "2003.08.19"]
[EventType "swiss"]
[EventRounds "11"]
[EventCountry "FRA"]
[SourceTitle "EXT 2004"]
[Source "ChessBase"]
[SourceDate "2003.11.25"]
[SourceVersion "1"]
[SourceVersionDate "2003.11.25"]
[SourceQuality "1"]

1. e4 d5 2. Nc3 d4 3. Nce2 e5 4. Ng3 Be6 5. Nf3 Bd6 6. b3 Nd7 7. Bc4 Ngf6 8. 0-0 Nf8 9. Re1 Bxc4 10. bxc4 Ne6 11. Rb1 b6 12. d3 Nd7 13. Bd2 h5 14. h4 a6 15. Ng5 Nxg5 16. hxg5 Nc5 17. f4 exf4 18. e5 fxg3 19. exd6+ Ne6 20. Rxe6+ fxe6 21. Qf3 Kd7 22. dxc7 Qxc7 23. Qf7+ Kc8 24. Qxe6+ Kb7 25. Qe4+ 1/2-1/2

[Event "FRA-ch Accession"]
[Site "Aix les Bains"]
[Date "2003.08.24"]
[Round "1"]
[White "Vallet, Marc"]
[Black "Pira, Davoud"]
[Result "0-1"]
[WhiteElo "2208"]
[BlackElo "2398"]
[PlyCount "57"]
[EventDate "2003.08.19"]
[EventType "swiss"]
[EventRounds "11"]
[EventCountry "FRA"]
[SourceTitle "EXT 2004"]
[Source "ChessBase"]
[SourceDate "2003.11.25"]
[SourceVersion "1"]
[SourceVersionDate "2003.11.25"]
[SourceQuality "1"]

1. e4 c5 2. Nf3 Nc6 3. Bb5 e6 4. 0-0 Nge7 5. b3 a6 6. Bxc6 Nxc6 7. Bb2 b5 8. a4 b4 9. d3 d6 10. Nbd2 e5 11. Nc4 Be7 12. Nfd2 0-0 13. f4 exf4 14. Rxf4 Bg5 15. Rf1 f5 16. Nf3 Bh6 17. e5 d5 18. Ncd2 d4 19. Nc4 Be6 20. Bc1 f4 21. Qe2 Ne7 22. Bd2 Nf5 23. Nd6 Ne3 24. Bxe3 fxe3 25. Qe1 Rf4 26. Ne4 Rc8 27. Kh1 Bd5 28. Nd6 Rc6 29. Nc4 0-1